书目信息 |
| 题名: |
新时期农村社会保障制度研究
|
|
| 作者: | 郝书辰 , 董西明 著 | |
| 分册: | ||
| 出版信息: | 北京 经济科学出版社 2008 |
|
| 页数: | 304页 | |
| 开本: | 23cm | |
| 丛书名: | ||
| 单 册: | ||
| 中图分类: | F323.89 | |
| 科图分类: | ||
| 主题词: | 农村--社会保障--研究--中国 , 农村 , 社会保障 | |
| 电子资源: | ||
| ISBN: | 978-7-5058-7176-2 | |
| 000 | 00923nam0 2200253 45 | |
| 005 | 20100303110644.54 | |
| 010 | @a978-7-5058-7176-2@dCNY30.00 | |
| 100 | @a20100121d2008 em y0chiy0120 ea | |
| 101 | 0 | @achi |
| 102 | @aCN@b110000 | |
| 105 | @ay z 000yy | |
| 106 | @ar | |
| 200 | 1 | @a新时期农村社会保障制度研究@AXin Shi Qi Nong Cun She Hui Bao Zhang Zhi Du Yan Jiu@f郝书辰,董西明等著@FHao Shu Chen, Dong Xi Ming Deng Zhu |
| 210 | @a北京@c经济科学出版社@d2008 | |
| 215 | @a304页@d23cm | |
| 330 | @a本书研究了中国农村社会保障制度的形成和发展的历程,结合山东省的具体情况,提出了分类分层保障原则、独立型农民工社会保障体系的优先次序设计模式等政策性建议。 | |
| 606 | 0 | @a农村@x社会保障@x研究@y中国 |
| 606 | 0 | @a农村 |
| 606 | 0 | @a社会保障 |
| 690 | @aF323.89@v4 | |
| 701 | 0 | @a郝书辰@AHao Shu Chen@4著 |
| 701 | 0 | @a董西明@ADong Xi Ming@4著 |
| 801 | 0 | @aCN@bTANGWEI@c20100303 |
| 905 | @b0585388-92@dF323.89@e119@f5 | |
| 新时期农村社会保障制度研究/郝书辰,董西明等著.-北京:经济科学出版社,2008 |
| 304页;23cm |
| ISBN 978-7-5058-7176-2:CNY30.00 |
| 本书研究了中国农村社会保障制度的形成和发展的历程,结合山东省的具体情况,提出了分类分层保障原则、独立型农民工社会保障体系的优先次序设计模式等政策性建议。 |
| ● |
| 相关链接 |
|
|
|
|
正题名:新时期农村社会保障制度研究
索取号:F323.89/119
 
预约/预借
| 序号 | 登录号 | 条形码 | 馆藏地/架位号 | 状态 | 备注 |
| 1 | 0585388 | 205853888 | 第一样本阅览室/ [索取号:F323.89/119] | 在馆 | |
| 2 | 0585389 | 205853897 | 第一借阅区/ [索取号:F323.89/119] | 在馆 | |
| 3 | 0585390 | 205853904 | 第一借阅区/ [索取号:F323.89/119] | 在馆 | |
| 4 | 0585391 | 205853913 | 第一借阅区/ [索取号:F323.89/119] | 在馆 | |
| 5 | 0585392 | 205853922 | 密集书库-海洋学院/ [索取号:F323.89/119] | 在馆 |